Directores de S.A. y socios gerentes de S.R.L. (Registro nro. 11272)

Detalles MARC
000 -LEADER
fixed length control field 00351 a2200121 4500
001 - CONTROL NUMBER
control field ART_5892
005 - DATE AND TIME OF LATEST TRANSACTION
control field 20260410161618.0
008 - FIXED-LENGTH DATA ELEMENTS--GENERAL INFORMATION
fixed length control field 260409a
100 1# - MAIN ENTRY--PERSONAL NAME
Personal name Senderovich, Isaac Aizik
245 10 - TITLE STATEMENT
Title Directores de S.A. y socios gerentes de S.R.L.
700 1# - ADDED ENTRY--PERSONAL NAME
Personal name Berenstein, Regina
773 0# - HOST ITEM ENTRY
Title Enfoques
Related parts - Nº 9 (sep. 2007)
Record control number REV416

No hay ítems disponibles.